|
|
|
|
| LEADER |
00000naa a2200000uu 4500 |
| 001 |
vtls011095047 |
| 003 |
SK-MaSNL |
| 005 |
20260302110802.0 |
| 008 |
210824|2002 xo |||||||||||||||||slo| |
| 015 |
|
|
|a SNBRA
|
| 035 |
|
|
|a (urnnbn)urn:nbn:sk:snk:ar-a0ctlx
|
| 035 |
|
|
|a (uuid)bb4612ed-928f-4a8d-8ab1-fc821d3ef69d
|
| 035 |
|
|
|a urn:nbn:sk:snk-aavz8o
|
| 040 |
|
|
|a SNKBUCL
|b slo
|c SNKBUCL
|e AACR2
|
| 041 |
0 |
|
|a slo
|
| 044 |
|
|
|a xo
|c SK
|
| 100 |
1 |
|
|a Žofajová, Alžbeta
|4 aut
|9 8378
|
| 245 |
1 |
0 |
|a TVORBA HAPLOIDNÝCH A POLYHAPLOIDNÝCH RASTLÍN PŠENICE
|c Alžbeta ŽOFAJOVÁ, Martin UŽÍK
|
| 246 |
3 |
|
|a INDUCTION OF HAPLOID AND POLYHAPLOID PLANTS AT WHEAT
|
| 700 |
1 |
|
|a Užík, Martin
|4 aut
|9 772545
|
| 773 |
0 |
|
|t Nové poznatky z genetiky a šľachtenia poľnohospodárskych rastlín : zborník z 9. odborného seminára, 21. november 2002
|d Piešťany : Výskumný ústav rastlinnej výroby, 2002
|g S. 9-11
|z 8088790255
|
| 958 |
|
|
|a OND
|
| 958 |
|
|
|a article12
|
| 958 |
|
|
|a chapter
|
| 999 |
|
|
|c 1244913
|d 1246843
|